Effectof antibiotics to treatment in breastfeed stage at mok sameoun farm at posenjey district, phnom penh, (ប្រសិទ្ធភាពនៃ Antibiotics សម្រាប់ព្យាបាលជំងឺរាកកូនជ្រូកក្នុងអំឡុងពេលបៅដោះនៅកសិដ្ឋា ម៉ក់ សំអឿន នៅខណ្ឌពោសែនជ័យ រាជធានីភ្នំពេញ) (Record no. 2602)
[ view plain ]
| 000 -LEADER | |
|---|---|
| fixed length control field | 00807nam a22001577a 4500 |
| 003 - CONTROL NUMBER IDENTIFIER | |
| control field | OSt |
| 005 - DATE AND TIME OF LATEST TRANSACTION | |
| control field | 20151024135716.0 |
| 008 - FIXED-LENGTH DATA ELEMENTS--GENERAL INFORMATION | |
| fixed length control field | 151024b xxu||||| |||| 00| 0 eng d |
| 040 ## - CATALOGING SOURCE | |
| Transcribing agency | RUA |
| 082 ## - DEWEY DECIMAL CLASSIFICATION NUMBER | |
| Classification number | AVM UY 2012 B101 Or.1 |
| 100 ## - MAIN ENTRY--PERSONAL NAME | |
| 9 (RLIN) | 2782 |
| Personal name | UY HANN |
| 245 ## - TITLE STATEMENT | |
| Title | Effectof antibiotics to treatment in breastfeed stage at mok sameoun farm at posenjey district, phnom penh, (ប្រសិទ្ធភាពនៃ Antibiotics សម្រាប់ព្យាបាលជំងឺរាកកូនជ្រូកក្នុងអំឡុងពេលបៅដោះនៅកសិដ្ឋា ម៉ក់ សំអឿន នៅខណ្ឌពោសែនជ័យ រាជធានីភ្នំពេញ) |
| 260 ## - PUBLICATION, DISTRIBUTION, ETC. (IMPRINT) | |
| Place of publication, distribution, etc. | Phnom Penh |
| Name of publisher, distributor, etc. | Rua |
| Date of publication, distribution, etc. | 2012 |
| 300 ## - PHYSICAL DESCRIPTION | |
| Extent | viii; 37p. |
| Other physical details | ill. |
| Dimensions | 29cm. |
| 942 ## - ADDED ENTRY ELEMENTS (KOHA) | |
| Source of classification or shelving scheme | |
| Koha item type | AVM |
| Price effective from | Date last seen | Permanent Location | Not for loan | Date acquired | Source of classification or shelving scheme | Koha item type | Lost status | Withdrawn status | Total Renewals | Date last checked out | Total Checkouts | Shelving location | Damaged status | Barcode | Current Location | Full call number |
|---|---|---|---|---|---|---|---|---|---|---|---|---|---|---|---|---|
| 2015-10-24 | 2023-03-17 | Library Block B | 2015-10-24 | AVM | 2023-02-24 | 1 | B101 | RUA015273 | Library Block B | AVM UY 2012 B101 Or.1 | ||||||
| 2015-10-24 | 2015-10-24 | Library Block B | 2015-10-24 | AVM | B101 | RUA009171 | Library Block B | AVM UY 2012 B101 Or.2 | ||||||||
| 2015-10-24 | 2016-06-24 | Library Block B | 2015-10-24 | AVM | 2 | 2016-04-23 | 1 | B101 | RUA009164 | Library Block B | AVM UY 2012 B101 Or.3 | |||||
| 2015-10-24 | 2016-08-08 | Library Block B | 2015-10-24 | AVM | 2016-08-03 | 1 | B101 | RUA009021 | Library Block B | AVM UY 2012 B101 Or.4 | ||||||
| 2015-10-24 | 2015-10-24 | Library Block B | 2015-10-24 | AVM | B101 | RUA018033 | Library Block B | AVM UY 2012 B101 Or.5 | ||||||||
| 2015-10-24 | 2015-10-24 | Library Block B | 2015-10-24 | AVM | B101 | RUA019354 | Library Block B | AVM UY 2012 B101 Or.6 | ||||||||
| 2015-10-24 | 2015-10-24 | Library Block B | 2015-10-24 | AVM | B101 | RUA019157 | Library Block B | AVM UY 2012 B101 Or.7 | ||||||||
| 2016-02-04 | 2016-02-04 | Library Block B | 2016-02-04 | AVM | B101 | RUA050966 | Library Block B | AVM UY 2012 B101 Or.8 |